Statistics for Galar Pokédex

Click here to take the quiz!

General Stats

  • This quiz has been taken 184 times
  • The average score is 324 of 400

Answer Stats

#TypePokémon% Correct
9WaterInteleon
99%
1GrassGrookey
98%
3GrassRillaboom
98%
4FireScorbunny
98%
7WaterSobble
98%
12Bug/PsychicOrbeetle
97%
5FireRaboot
97%
2GrassThwackey
97%
6FireCinderace
96%
8WaterDrizzile
96%
11Bug/PsychicDottler
95%
10BugBlipbug
94%
140FightingMachamp
94%
139FightingMachoke
94%
138FightingMachop
94%
197WaterVaporeon
94%
15Bug/FlyingButterfree
93%
13BugCaterpie
93%
141Ghost/PoisonGastly
93%
143Ghost/PoisonGengar
93%
142Ghost/PoisonHaunter
93%
198ElectricJolteon
93%
14BugMetapod
93%
23Flying/SteelCorviknight
92%
22FlyingCorvisquire
92%
200PsychicEspeon
92%
199FireFlareon
92%
26Normal/FlyingPidove
92%
21FlyingRookidee
92%
27Normal/FlyingTranquill
92%
28Normal/FlyingUnfezant
92%
203IceGlaceon
91%
56Grass/PoisonGloom
91%
202GrassLeafeon
91%
37Water/GrassLombre
91%
36Water/GrassLotad
91%
38Water/GrassLudicolo
91%
55Grass/PoisonOddish
91%
178Rock/GroundOnix
91%
179Steel/GroundSteelix
91%
204FairySylveon
91%
201DarkUmbreon
91%
57Grass/PoisonVileplume
91%
46ElectricYamper
91%
47ElectricBoltund
90%
122Psychic/FairyGardevoir
90%
121Psychic/FairyKirlia
90%
32Dark/NormalLinoone
90%
144WaterMagikarp
90%
40Grass/DarkNuzleaf
90%
33Dark/NormalObstagoon
90%
63Water/FlyingPelipper
90%
194ElectricPikachu
90%
120Psychic/FairyRalts
90%
39GrassSeedot
90%
41Grass/DarkShiftry
90%
62Water/FlyingWingull
90%
31Dark/NormalZigzagoon
90%
17Bug/ElectricCharjabug
89%
81Ice/GhostFroslass
89%
123Psychic/FightingGallade
89%
80IceGlalie
89%
70FireGrowlithe
89%
145Water/FlyingGyarados
89%
182SteelMeowth
89%
195ElectricRaichu
89%
24NormalSkwovet
89%
79IceSnorunt
89%
398FairyZacian
89%
399FightingZamazenta
89%
71FireArcanine
88%
374Electric/DragonDracozolt
88%
397Dragon/GhostDragapult
88%
395Dragon/GhostDreepy
88%
400Poison/DragonEternatus
88%
25NormalGreedent
88%
109FightingHitmonchan
88%
108FightingHitmonlee
88%
110FightingHitmontop
88%
361Water/IceLapras
88%
69FireNinetales
88%
183SteelPerrserker
88%
193ElectricPichu
88%
107FightingTyrogue
88%
68FireVulpix
88%
97Grass/IceAbomasnow
87%
205Grass/DragonApplin
87%
58GrassBellossom
87%
396Dragon/GhostDrakloak
87%
137GhostDusknoir
87%
218FightingFarfetch’d
87%
206Grass/DragonFlapple
87%
16BugGrubbin
87%
77Ice/GroundMamoswine
87%
76Ice/GroundPiloswine
87%
161RockRolycoly
87%
219FightingSirfetch’d
87%
96Grass/IceSnover
87%
75Ice/GroundSwinub
87%
18Bug/ElectricVikavolt
87%
207Grass/DragonAppletun
86%
82Ground/PsychicBaltoy
86%
380Fire/FlyingCharizard
86%
378FireCharmander
86%
42WaterChewtle
86%
163Rock/FireCoalossal
86%
376Water/DragonDracovish
86%
43Water/RockDrednaw
86%
136GhostDusclops
86%
365Ice/PsychicMr. Mime
86%
366Ice/PsychicMr. Rime
86%
29DarkNickit
86%
349Ice/BugSnom
86%
30DarkThievul
86%
377Water/IceArctovish
85%
375Electric/IceArctozolt
85%
180WaterArrokuda
85%
59Grass/PoisonBudew
85%
48NormalBunnelby
85%
162Rock/FireCarkol
85%
379FireCharmeleon
85%
83Ground/PsychicClaydol
85%
125Ghost/FlyingDrifblim
85%
124Ghost/FlyingDrifloon
85%
135GhostDuskull
85%
350Ice/BugFrosmoth
85%
114SteelKlang
85%
113SteelKlink
85%
115SteelKlinklang
85%
338Ghost/GrassPhantump
85%
333PsychicPonyta
85%
334Psychic/FairyRapidash
85%
60Grass/PoisonRoselia
85%
61Grass/PoisonRoserade
85%
171FightingTimburr
85%
339Ghost/GrassTrevenant
85%
34NormalWooloo
85%
327Ground/GhostYamask
85%
181WaterBarraskewda
84%
95Normal/FightingBewear
84%
169RockBoldore
84%
289Ghost/FireChandelure
84%
49Normal/GroundDiggersby
84%
346Normal/DragonDrampa
84%
323Ground/DragonFlygon
84%
170RockGigalith
84%
391DragonGoodra
84%
192Ghost/GrassGourgeist
84%
240Dark/FairyGrimmsnarl
84%
393Dragon/FightingHakamo-o
84%
19Normal/FlyingHoothoot
84%
388Dark/DragonHydreigon
84%
392DragonJangmo-o
84%
394Dragon/FightingKommo-o
84%
133Water/GroundPalpitoad
84%
191Ghost/GrassPumpkaboo
84%
168RockRoggenrola
84%
134Water/GroundSeismitoad
84%
390DragonSliggoo
84%
94Normal/FightingStufful
84%
310Electric/PoisonToxel
84%
132WaterTympole
84%
387Dark/DragonZweilous
84%
173FightingConkeldurr
82%
386Dark/DragonDeino
82%
78Ice/FlyingDelibird
82%
371Steel/DragonDuraludon
82%
65Bug/ElectricGalvantula
82%
146WaterGoldeen
82%
389DragonGoomy
82%
352FightingGrapploct
82%
172FightingGurdurr
82%
238Dark/FairyImpidimp
82%
64Bug/ElectricJoltik
82%
288Ghost/FireLampent
82%
287Ghost/FireLitwick
82%
299Fighting/SteelLucario
82%
295Steel/FairyMawile
82%
301Ghost/FairyMimikyu
82%
344Electric/DarkMorpeko
82%
20Normal/FlyingNoctowl
82%
184NormalPersian
82%
298FightingRiolu
82%
147WaterSeaking
82%
159Fire/BugSizzlipede
82%
311Electric/PoisonToxtricity
82%
347Fire/DragonTurtonator
82%
215Water/BugAraquanid
81%
213FairyAromatisse
81%
160Fire/BugCentiskorch
81%
220Water/ElectricChinchou
81%
256FairyClefable
81%
255FairyClefairy
81%
254FairyCleffa
81%
222Poison/FightingCroagunk
81%
35NormalDubwool
81%
370IceEiscue
81%
242PsychicHattrem
81%
326DragonHaxorus
81%
221Water/ElectricLanturn
81%
45DarkLiepard
81%
111FightingPancham
81%
112Fighting/DarkPangoro
81%
44DarkPurrloin
81%
265Ground/RockRhydon
81%
264Ground/RockRhyhorn
81%
266Ground/RockRhyperior
81%
372Electric/GhostRotom
81%
328Ground/GhostRunerigus
81%
294Dark/GhostSableye
81%
225Dark/FightingScrafty
81%
224Dark/FightingScraggy
81%
211FairySlurpuff
81%
175Psychic/FlyingSwoobat
81%
223Poison/FightingToxicroak
81%
321GroundTrapinch
81%
322Ground/DragonVibrava
81%
174Psychic/FlyingWoobat
81%
324DragonAxew
80%
329GhostCofagrigus
80%
87Bug/RockCrustle
80%
279IceCubchoo
80%
214Water/BugDewpider
80%
164GroundDiglett
80%
86Bug/RockDwebble
80%
189Grass/SteelFerroseed
80%
190Grass/SteelFerrothorn
80%
325DragonFraxure
80%
233Bug/WaterGolisopod
80%
89Ground/GhostGolurk
80%
267PsychicGothita
80%
269PsychicGothitelle
80%
243Psychic/FairyHatterene
80%
92Psychic/FlyingNatu
80%
104Bug/GroundNincada
80%
105Bug/FlyingNinjask
80%
176Flying/DragonNoibat
80%
177Flying/DragonNoivern
80%
245Poison/FireSalazzle
80%
106Bug/GhostShedinja
80%
292Dark/IceSneasel
80%
212FairySpritzee
80%
210FairySwirlix
80%
293Dark/IceWeavile
80%
232Bug/WaterWimpod
80%
100Water/GroundWooper
80%
93Psychic/FlyingXatu
80%
332Steel/GhostAegislash
79%
280IceBeartic
79%
119Steel/PsychicBronzong
79%
118Steel/PsychicBronzor
79%
351FightingClobbopus
79%
262Grass/FairyCottonee
79%
187Bug/FairyCutiefly
79%
165GroundDugtrio
79%
88Ground/GhostGolett
79%
268PsychicGothorita
79%
241PsychicHatenna
79%
383Rock/GroundLarvitar
79%
364Psychic/FairyMime Jr.
79%
239Dark/FairyMorgrem
79%
384Rock/GroundPupitar
79%
101Water/GroundQuagsire
79%
188Bug/FairyRibombee
79%
244Poison/FireSalandit
79%
369RockStonjourner
79%
385Rock/DarkTyranitar
79%
263Grass/FairyWhimsicott
79%
102WaterCorphish
78%
103Water/DarkCrawdaunt
78%
360Ghost/GrassDhelmise
78%
331Steel/GhostDoublade
78%
166GroundDrilbur
78%
316Bug/SteelDurant
78%
167Ground/SteelExcadrill
78%
345FightingFalinks
78%
306Water/GhostJellicent
78%
340Grass/FairyMorelull
78%
341Grass/FairyShiinotic
78%
251Poison/FairyWeezing
78%
186FairyAlcremie
77%
52GrassBounsweet
77%
309Flying/WaterCramorant
77%
286Poison/DarkDrapion
77%
305Water/GhostFrillish
77%
231Water/GroundGastrodon
77%
320Fighting/FlyingHawlucha
77%
317FireHeatmor
77%
319Electric/NormalHeliolisk
77%
318Electric/NormalHelioptile
77%
330Steel/GhostHonedge
77%
337Psychic/NormalIndeedee
77%
250PoisonKoffing
77%
185FairyMilcery
77%
336GhostPolteageist
77%
230WaterShellos
77%
285Poison/BugSkorupi
77%
53GrassSteenee
77%
348Electric/SteelTogedemaru
77%
259Fairy/FlyingTogekiss
77%
257FairyTogepi
77%
54GrassTsareena
77%
73IceVanillish
77%
72IceVanillite
77%
74IceVanilluxe
77%
247Dark/SteelBisharp
76%
151Water/IceCloyster
76%
152WaterFeebas
76%
158PoisonGarbodor
76%
290Dark/PsychicInkay
76%
291Dark/PsychicMalamar
76%
246Dark/SteelPawniard
76%
313GroundSandaconda
76%
150WaterShellder
76%
335GhostSinistea
76%
258Fairy/FlyingTogetic
76%
228Water/GroundBarboach
75%
282Normal/FlyingBraviary
75%
236GhostCorsola
75%
237GhostCursola
75%
368IceDarmanitan
75%
367IceDarumaka
75%
271PsychicDuosion
75%
66ElectricElectrike
75%
362Rock/PsychicLunatone
75%
284Dark/FlyingMandibuzz
75%
67ElectricManectric
75%
355Water/FlyingMantine
75%
354Water/FlyingMantyke
75%
307Poison/WaterMareanie
75%
153WaterMilotic
75%
342Normal/PsychicOranguru
75%
281Normal/FlyingRufflet
75%
312GroundSilicobra
75%
131Poison/DarkSkuntank
75%
270PsychicSolosis
75%
363Rock/PsychicSolrock
75%
226Ground/SteelStunfisk
75%
130Poison/DarkStunky
75%
308Poison/WaterToxapex
75%
157PoisonTrubbish
75%
283Dark/FlyingVullaby
75%
229Water/GroundWhiscash
75%
260NormalMunchlax
74%
343FightingPassimian
74%
227Bug/RockShuckle
74%
261NormalSnorlax
74%
235Rock/WaterBarbaracle
73%
127GrassEldegoss
73%
126GrassGossifleur
73%
272PsychicReuniclus
73%
234Rock/WaterBinacle
72%
274Bug/SteelEscavalier
72%
273BugKarrablast
72%
353ElectricPincurchin
72%
249FightingSawk
72%
248FightingThroh
72%
276BugAccelgor
71%
303SteelCopperajah
71%
302SteelCufant
71%
99WaterKingler
71%
98WaterKrabby
71%
275BugShelmet
71%
297Psychic/FlyingSigilyph
71%
300FireTorkoal
71%
359IceAvalugg
70%
116Bug/FlyingCombee
70%
149WaterOctillery
70%
304Water/PoisonQwilfish
70%
148WaterRemoraid
70%
117Bug/FlyingVespiquen
70%
358IceBergmite
69%
314GroundHippopotas
69%
315GroundHippowdon
69%
296GrassMaractus
67%
90PsychicMunna
67%
91PsychicMusharna
67%
154WaterBasculin
66%
356WaterWailmer
66%
357WaterWailord
66%
373NormalDitto
65%
253RockSudowoodo
64%
252RockBonsly
63%
208PsychicEspurr
63%
209PsychicMeowstic
63%
155WaterWishiwashi
63%
217PsychicWobbuffet
63%
216PsychicWynaut
61%
129GrassCherrim
60%
128GrassCherubi
60%
156WaterPyukumuku
60%
277PsychicElgyem
58%
382NormalSilvally
58%
381NormalType: Null
58%
278PsychicBeheeyem
57%
51NormalCinccino
57%
50NormalMinccino
57%
84GroundMudbray
57%
85GroundMudsdale
57%
196NormalEeevee
47%

Score Distribution

Percentile by Number Answered

Percent of People with Each Score

Your Score History

You have not taken this quiz